01000nam0a22002411 4500001001100000005001700011021001900028035002600047100004100073101000800114102000700122105001800129200022300147210003200370215002600402300005400428606009100482702003200573710008800605801001800693801002200711852002500733rc\407820120260406123014.0 aRUb[54-32723] a(NLR Aleph) 008124311 a20130415d1954 |||y0rusy50 ca0 arus aRU aa z |||||1 aИнструкция к домашним заданиям по курсу сопротивления материаловfКазан. авиац. ин-т. Кафедра сопротивления материалов aКазаньcБ. и.d1954 a24 с.cчерт.d25 aНа 24-й с. сост.: Вахитов М.Б. aСопротивление материаловxДомашние задания2psbo 1aВахитовbМ.Б.422002aКазанский авиационный институт3RU\NLR\AUTH\8815734 0aRUbNLRgpsbo 1aRUbELAR2rusmarc aNLRjМх02 Г-8/125